01227cam a2200301 i 4500003000900000005001700009008004100026020002600067020001800093040004900111050002300160082001500183245013200198264005800330300003000388336002100418337002300439338003100462504005100493610003000544650002200574700001800596700002800614710003000642856006000672856008900732856010400821EG-GICUC20260222105650.0940718s1994 enk frb 001 0 eng d a0198257031 :c$156.00 a9780198257035 aDLC/MoSU-LcMoSU-LdDLCd EG-GICUCbengerda00aJX1977b.C487 199400a341.2322104aThe Charter of the United Nations :ba commentary /cedited by Bruno Simma ; in collaboration with Hermann Mosler ... [et al.]. aOxford ;aNew York :bOxford University Press,c1995. axlix, 1258 page ;c26 cm. atext2rdacontent aComputer2rdamedia aOnline Resouce2rdacarrier aIncludes bibliographical references and index.20aUnited Nations.tCharter.1 aInternational law1 aSimma, Bruno.1 aMosler, Hermann,d1912-22aUnited Nations.tCharter.42uhttps://fll.law.cu.edu.eg/fulltext/bks/ENGB11-00162.pdf423Publisher descriptionuhttp://www.loc.gov/catdir/enhancements/fy0638/94184282-d.html423Contributor biographical informationuhttp://www.loc.gov/catdir/enhancements/fy0724/94184282-b.html